<?xml version="1.0" encoding="UTF-8"?>
<record
    xmlns:xsi="http://www.w3.org/2001/XMLSchema-instance"
    xsi:schemaLocation="http://www.loc.gov/MARC21/slim http://www.loc.gov/standards/marcxml/schema/MARC21slim.xsd"
    xmlns="http://www.loc.gov/MARC21/slim">

  <leader>01342nam a2200289 a 4500</leader>
  <controlfield tag="001">000013444</controlfield>
  <controlfield tag="003">OSt</controlfield>
  <controlfield tag="005">20210826130102.0</controlfield>
  <controlfield tag="008">990715s2001    esp0   gr0    0     000 d</controlfield>
  <datafield tag="020" ind1=" " ind2=" ">
    <subfield code="a">9788498389258</subfield>
  </datafield>
  <datafield tag="040" ind1=" " ind2=" ">
    <subfield code="a">CO-MqBPB</subfield>
    <subfield code="b">spa</subfield>
    <subfield code="c">CO-MqBPB</subfield>
  </datafield>
  <datafield tag="090" ind1=" " ind2=" ">
    <subfield code="a">JN</subfield>
    <subfield code="b">ROWp </subfield>
  </datafield>
  <datafield tag="100" ind1="0" ind2=" ">
    <subfield code="a">Rowling, J.K.</subfield>
  </datafield>
  <datafield tag="245" ind1="1" ind2="0">
    <subfield code="a">Harry Potter y el prisionero de Azkaban /</subfield>
    <subfield code="c">J.K. Rowling; traducci&#xF3;n: Adolfo Mu&#xF1;oz Garc&#xED;a, Nieves Mart&#xED;n Azofra.</subfield>
  </datafield>
  <datafield tag="250" ind1=" " ind2=" ">
    <subfield code="a">18a. ed.</subfield>
  </datafield>
  <datafield tag="260" ind1=" " ind2=" ">
    <subfield code="a">Villatuerta, Navarra :</subfield>
    <subfield code="b">Salamandra,</subfield>
    <subfield code="c">2019.</subfield>
  </datafield>
  <datafield tag="300" ind1=" " ind2=" ">
    <subfield code="a">354 p&#xE1;g.</subfield>
  </datafield>
  <datafield tag="490" ind1=" " ind2="0">
    <subfield code="a">Harry Potter; No. 3</subfield>
  </datafield>
  <datafield tag="500" ind1=" " ind2=" ">
    <subfield code="a">Por la cicatriz que lleva en la frente, sabemos que Harry Potter no es un ni&#xF1;o como los dem&#xE1;s, sino el h&#xE9;roe que venci&#xF3; a Lord Voldemort, el mago m&#xE1;s temible y maligno de todos los tiempos y culpable de la muerte de los padres de Harry. Desde entonces, no tiene m&#xE1;s remedio que vivir con sus pesados t&#xED;os y su insoportable primo Dudley, todos ellos muggles, o sea, personas no magas, que desprecian a su sobrino debido a sus poderes.</subfield>
  </datafield>
  <datafield tag="517" ind1=" " ind2=" ">
    <subfield code="a">T&#xED;tulo original: Harry Potter and the prisoner of Azkaban</subfield>
  </datafield>
  <datafield tag="650" ind1="1" ind2="4">
    <subfield code="a">LITERATURA JUVENIL ESCOCESA</subfield>
  </datafield>
  <datafield tag="650" ind1="1" ind2="4">
    <subfield code="a">NOVELA JUVENIL ESCOCESA</subfield>
  </datafield>
  <datafield tag="650" ind1="1" ind2="4">
    <subfield code="a">NOVELA DE AVENTURAS</subfield>
  </datafield>
  <datafield tag="700" ind1="1" ind2=" ">
    <subfield code="a">Mu&#xF1;oz Garc&#xED;a, Adolfo, tr.</subfield>
  </datafield>
  <datafield tag="700" ind1="1" ind2=" ">
    <subfield code="a">Mart&#xED;n Azofra, Nieves, tr.</subfield>
  </datafield>
  <datafield tag="942" ind1=" " ind2=" ">
    <subfield code="2">ddc</subfield>
    <subfield code="c">BKLIT</subfield>
  </datafield>
  <datafield tag="999" ind1=" " ind2=" ">
    <subfield code="c">828</subfield>
    <subfield code="d">828</subfield>
  </datafield>
  <datafield tag="952" ind1=" " ind2=" ">
    <subfield code="0">0</subfield>
    <subfield code="1">0</subfield>
    <subfield code="2">ddc</subfield>
    <subfield code="4">0</subfield>
    <subfield code="7">0</subfield>
    <subfield code="8">LJ</subfield>
    <subfield code="a">BPMOS</subfield>
    <subfield code="b">BPMOS</subfield>
    <subfield code="d">2021-08-26</subfield>
    <subfield code="e">Compra BPSJBM 2021</subfield>
    <subfield code="i">114421</subfield>
    <subfield code="l">22</subfield>
    <subfield code="m">6</subfield>
    <subfield code="o">JN ROWp </subfield>
    <subfield code="p">MOS501481</subfield>
    <subfield code="r">2023-09-30</subfield>
    <subfield code="s">2023-09-13</subfield>
    <subfield code="t">EJ. 2</subfield>
    <subfield code="w">2020-01-20</subfield>
    <subfield code="y">BKLIT</subfield>
    <subfield code="z">Quince d&#xED;as</subfield>
  </datafield>
</record>
